All-Time Portuguese Football Honours - Statistics

General Stats
  • This quiz has been taken 269 times
  • The average score is 8 of 14
Answer Stats
Answer % Correct
Benfica
100%
Porto
100%
Sporting CP
100%
Braga
93%
Vitória de Guimarães
76%
Boavista
73%
Vitória de Setúbal
69%
Belenenses
59%
Académica
45%
Marítimo
44%
Moreirense
28%
Beira-Mar
26%
Estrela da Amadora
18%
Olhanense
17%
No matching quizzes found
Score Distribution
Percent of People with Each Score
Percentile by Number Answered
Your Score History
You have not taken this quiz